| 000 | 00605nam a22001337a 4500 | ||
|---|---|---|---|
| 082 | _a005.8,AHM | ||
| 100 |
_aAhmad, Usman _935391 |
||
| 245 |
_aKey Management in Wimax Mesh Network / _cUsman Ahmad |
||
| 260 |
_aRawalpindi _bMCS (NUST) _cMar 2012 |
||
| 300 | _avi,92 p, | ||
| 505 | _aIntroduction (Page-1), WiMAX/ IEEE 802.16 (Page-6), WiMAX Security Feature and Threats in Mesh Network (Page-21), Enhanced PKM Protocol for WiMAX Mesh Network (Page-61). Modeling & Analysis of Enhanced PKM Protocol in FDR (Page-75), Conclusion (Page-82). | ||
| 650 |
_aPG Thesis _935000 |
||
| 942 |
_2ddc _cTHE _k005.8,AHM |
||
| 999 |
_c608213 _d608213 |
||